000 00666cab a2200217 4500
001 ABS53883
008 090401t1995 xxu||||| |||| 00| 0 eng d
035 _a(Sirsi) u7139
041 _aeng
100 _aMinogue, A.
245 _aNo room for confusion
260 _c1995
350 _a0
490 _aBuilding
_v260(7915) 3 November 1995, 36(1)
520 _aConsiders the implications of an imprecise contract and the necessity to state clearly any scopes of limitation.
650 _aBUILT ENVIRONMENT-BUILDING CONTRACT FORMS
650 _aLIMITATION CLAUSES
690 _aBUILT ENVIRONMENT-BUILDING CONTRACT FORMS
942 _n0
948 _c04/03/1997
999 _c4267
_d4267